| 000 | 00385nam a22001577a 4500 | ||
|---|---|---|---|
| 999 |
_c3730 _d3730 |
||
| 003 | Nust | ||
| 005 | 20170105101223.0 | ||
| 008 | 161129b xxu||||| |||| 00| 0 eng d | ||
| 040 |
_a0 _c0 |
||
| 082 | _2338.5 | ||
| 100 | _4William J. Baumol | ||
| 245 |
_aMicroeconomics _btheory and applications |
||
| 260 |
_aAustralia _bCengage learning _c2008 |
||
| 300 | _a448p | ||
| 942 |
_2ddc _cBK |
||